000 00722nam a2200229Ia 4500
003 GCL
008 140319s9999 xx 000 0 ara d
040 _aGCL /
_cGCL
082 0 4 _a953.071
_bش ت
100 1 _aشكيب ارسلان
245 1 0 _aتاريخ غزوات العرب فى فرنسا وسويسرا وايطاليا وجزائر البحر المتوسط /
_cشكيب ارسلان
260 _a[S.N] :
_bدار الكتب العلمية للنشر والتوزيع
300 _a308 ص
490 _a
650 0 4 _aتاريخ
650 0 4 _aفرنسا
650 0 4 _aالعرب
650 0 4 _aايطاليا
650 0 4 _aسويسرا
650 0 4 _aالعرب فى الاندلس
942 _2ddc
_cBK
999 _c35489
_d35489